UBT Library

Contemporary business / (Record no. 44859)

000 -LEADER
fixed length control field 00733cam a2200253 a 4500
001 - CONTROL NUMBER
control field 12382665
005 - DATE AND TIME OF LATEST TRANSACTION
control field 20180313053516.0
008 - FIXED-LENGTH DATA ELEMENTS--GENERAL INFORMATION
fixed length control field 010417s2002 txua b 001 0 eng
010 ## - LIBRARY OF CONGRESS CONTROL NUMBER
LC control number 2001090067
020 ## - INTERNATIONAL STANDARD BOOK NUMBER
International Standard Book Number 0030332265
020 ## - INTERNATIONAL STANDARD BOOK NUMBER
International Standard Book Number 0030343186 (disc)
020 ## - INTERNATIONAL STANDARD BOOK NUMBER
International Standard Book Number 0030340683 (guide)
040 ## - CATALOGING SOURCE
Original cataloging agency DLC
Transcribing agency DLC
Modifying agency DLC
041 ## - LANGUAGE CODE
Language code of text/sound track or separate title eng
080 ## - UNIVERSAL DECIMAL CLASSIFICATION NUMBER
Universal Decimal Classification number 658 BOO
082 00 - DEWEY DECIMAL CLASSIFICATION NUMBER
Classification number 658 BOO
Edition number 21
100 1# - Rafti
Rafti 57
101 ## - Shkurtesa
Shkurtesa BIZ
245 10 - TITLE STATEMENT
Title Contemporary business /
Statement of responsibility, etc Louis E. Boone, David L. Kurtz.
504 ## - BIBLIOGRAPHY, ETC. NOTE
Bibliography, etc Includes bibliographical references and indexes.
906 ## - LOCAL DATA ELEMENT F, LDF (RLIN)
a 7
b cbc
c orignew
d 3
e epcn
f 20
g y-gencatlg
942 ## - ADDED ENTRY ELEMENTS (KOHA)
Source of classification or shelving scheme
Item type Books
Holdings
Withdrawn status Lost status Source of classification or shelving scheme Damaged status Not for loan Collection code Permanent location Current location Shelving location Date acquired Total Checkouts Full call number Barcode Date last seen Price effective from Koha item type
          Koleksioni i përgjithshem UBT - Lipjan UBT - Lipjan Koleksioni i përgjithshem 03/13/2018   658 BOO 002-3002082 03/13/2018 03/13/2018 Books
UBT Library © 2015-2024. All rights reserved University Education for Business and Technology